<?xml version="1.0" encoding="UTF-8"?>
<collection xmlns="http://www.loc.gov/MARC21/slim">
 <record>
  <leader>02390nam a22002657a 4500</leader>
  <controlfield tag="001">NCT_29228</controlfield>
  <controlfield tag="008">180413b        xxu||||| |||| 00| 0 vie d</controlfield>
  <datafield tag="999" ind1=" " ind2=" ">
   <subfield code="c">1405</subfield>
   <subfield code="d">1405</subfield>
  </datafield>
  <datafield tag="020" ind1=" " ind2=" ">
   <subfield code="a">9786046622161</subfield>
   <subfield code="c">180000</subfield>
  </datafield>
  <datafield tag="082" ind1="0" ind2="4">
   <subfield code="2">23rd ed.</subfield>
   <subfield code="a">611.01815</subfield>
   <subfield code="b">D561</subfield>
  </datafield>
  <datafield tag="100" ind1="1" ind2=" ">
   <subfield code="a">Đặng Văn Dương</subfield>
   <subfield code="e">Chủ biên</subfield>
  </datafield>
  <datafield tag="245" ind1="1" ind2="0">
   <subfield code="a">Hướng dẫn quy trình kỹ thuật chuyên ngành giải phẫu bệnh, tế bào học</subfield>
   <subfield code="b">: Ban hành kèm theo Quyết định số 5199/QĐ-BYT ngày 25 tháng 12 năm 2013 của Bộ trưởng Bộ Y Tế</subfield>
   <subfield code="c">Đặng Văn Dương</subfield>
  </datafield>
  <datafield tag="260" ind1=" " ind2=" ">
   <subfield code="a">H.</subfield>
   <subfield code="b">Y học</subfield>
   <subfield code="c">2017</subfield>
  </datafield>
  <datafield tag="300" ind1=" " ind2=" ">
   <subfield code="a">458 tr.</subfield>
   <subfield code="b">Minh họa</subfield>
   <subfield code="c">27cm</subfield>
  </datafield>
  <datafield tag="520" ind1="3" ind2=" ">
   <subfield code="a">Cuốn sách là tài liệu hướng dẫn chuyên môn kỹ thuật, là cơ sở pháp lý để thực hiện tại các cơ sở khám bệnh, chữa bệnh trong toàn quốc được phép thực hiện kỹ thuật đó được cấp có thẩm quyền phê duyệt theo quy định của Luật Khám bệnh, chữa bệnh; đồng thời cũng là cơ sở để xây dựng giá dịch vụ kỹ thuật, phân loại phẫu thuật, thủ thuật và những nội dung liên quan khác.</subfield>
  </datafield>
  <datafield tag="653" ind1=" " ind2=" ">
   <subfield code="a">Y đa khoa</subfield>
  </datafield>
  <datafield tag="710" ind1="2" ind2=" ">
   <subfield code="a">Bộ Y Tế</subfield>
  </datafield>
  <datafield tag="942" ind1=" " ind2=" ">
   <subfield code="2">ddc</subfield>
   <subfield code="c">BK</subfield>
  </datafield>
  <datafield tag="952" ind1=" " ind2=" ">
   <subfield code="0">0</subfield>
   <subfield code="1">0</subfield>
   <subfield code="2">ddc</subfield>
   <subfield code="4">0</subfield>
   <subfield code="6">611_018150000000000_D561</subfield>
   <subfield code="7">0</subfield>
   <subfield code="9">6850</subfield>
   <subfield code="a">000001</subfield>
   <subfield code="b">000001</subfield>
   <subfield code="d">2018-04-13</subfield>
   <subfield code="o">611.01815 D561</subfield>
   <subfield code="p">MD.10754</subfield>
   <subfield code="r">2018-04-13</subfield>
   <subfield code="v">180000.00</subfield>
   <subfield code="w">2018-04-13</subfield>
   <subfield code="y">BK</subfield>
  </datafield>
  <datafield tag="952" ind1=" " ind2=" ">
   <subfield code="0">0</subfield>
   <subfield code="1">0</subfield>
   <subfield code="2">ddc</subfield>
   <subfield code="4">0</subfield>
   <subfield code="6">611_018150000000000_D561</subfield>
   <subfield code="7">0</subfield>
   <subfield code="9">15454</subfield>
   <subfield code="a">000001</subfield>
   <subfield code="b">000001</subfield>
   <subfield code="d">2019-02-14</subfield>
   <subfield code="o">611.01815 D561</subfield>
   <subfield code="p">MD.14222</subfield>
   <subfield code="r">2019-02-14</subfield>
   <subfield code="v">180000.00</subfield>
   <subfield code="w">2019-02-14</subfield>
   <subfield code="y">BK</subfield>
  </datafield>
  <datafield tag="952" ind1=" " ind2=" ">
   <subfield code="0">0</subfield>
   <subfield code="1">0</subfield>
   <subfield code="2">ddc</subfield>
   <subfield code="4">0</subfield>
   <subfield code="6">611_018150000000000_D561</subfield>
   <subfield code="7">0</subfield>
   <subfield code="9">15455</subfield>
   <subfield code="a">000001</subfield>
   <subfield code="b">000001</subfield>
   <subfield code="d">2019-02-14</subfield>
   <subfield code="o">611.01815 D561</subfield>
   <subfield code="p">MD.14223</subfield>
   <subfield code="r">2019-02-14</subfield>
   <subfield code="v">180000.00</subfield>
   <subfield code="w">2019-02-14</subfield>
   <subfield code="y">BK</subfield>
  </datafield>
  <datafield tag="952" ind1=" " ind2=" ">
   <subfield code="0">0</subfield>
   <subfield code="1">0</subfield>
   <subfield code="2">ddc</subfield>
   <subfield code="4">0</subfield>
   <subfield code="6">611_018150000000000_D561</subfield>
   <subfield code="7">0</subfield>
   <subfield code="9">15456</subfield>
   <subfield code="a">000001</subfield>
   <subfield code="b">000001</subfield>
   <subfield code="d">2019-02-14</subfield>
   <subfield code="l">2</subfield>
   <subfield code="o">611.01815 D561</subfield>
   <subfield code="p">MD.14224</subfield>
   <subfield code="r">2020-12-31</subfield>
   <subfield code="s">2020-12-22</subfield>
   <subfield code="v">180000.00</subfield>
   <subfield code="w">2019-02-14</subfield>
   <subfield code="y">BK</subfield>
  </datafield>
  <datafield tag="952" ind1=" " ind2=" ">
   <subfield code="0">0</subfield>
   <subfield code="1">0</subfield>
   <subfield code="2">ddc</subfield>
   <subfield code="4">0</subfield>
   <subfield code="6">611_018150000000000_D561</subfield>
   <subfield code="7">0</subfield>
   <subfield code="9">15513</subfield>
   <subfield code="a">000001</subfield>
   <subfield code="b">000001</subfield>
   <subfield code="d">2019-02-16</subfield>
   <subfield code="l">1</subfield>
   <subfield code="m">1</subfield>
   <subfield code="o">611.01815 D561</subfield>
   <subfield code="p">MD.14260</subfield>
   <subfield code="r">2021-03-23</subfield>
   <subfield code="s">2021-03-08</subfield>
   <subfield code="v">180000.00</subfield>
   <subfield code="w">2019-02-16</subfield>
   <subfield code="y">BK</subfield>
  </datafield>
  <datafield tag="952" ind1=" " ind2=" ">
   <subfield code="0">0</subfield>
   <subfield code="1">0</subfield>
   <subfield code="2">ddc</subfield>
   <subfield code="4">0</subfield>
   <subfield code="6">611_018150000000000_D561</subfield>
   <subfield code="7">0</subfield>
   <subfield code="9">15514</subfield>
   <subfield code="a">000001</subfield>
   <subfield code="b">000001</subfield>
   <subfield code="d">2019-02-16</subfield>
   <subfield code="o">611.01815 D561</subfield>
   <subfield code="p">MD.14261</subfield>
   <subfield code="r">2019-02-16</subfield>
   <subfield code="v">180000.00</subfield>
   <subfield code="w">2019-02-16</subfield>
   <subfield code="y">BK</subfield>
  </datafield>
  <datafield tag="980" ind1=" " ind2=" ">
   <subfield code="a">Thư viện Trường Đại học Nam Cần Thơ</subfield>
  </datafield>
 </record>
</collection>
